[Event "4NCL Online Division 6"]
[Site "online"]
[Date "2020.08.25"]
[Round "1.44"]
[White "Bloom, Paul"]
[Black "Dawson, Euan"]
[Result "1/2-1/2"]
[WhiteElo "1525"]
[BlackElo "1816"]
[PlyCount "49"]
[EventDate "2020.08.25"]
[WhiteTeam "Wolves Pack"]
[BlackTeam "Dundee City B"]

1. e4 c5 2. Nc3 g6 3. f4 Nc6 4. Nf3 Bg7 5. Bb5 Nd4 6. O-O e6 7. Be2 d6 8. Rb1
Ne7 9. d3 O-O 10. Be3 Rb8 11. a4 a6 12. Kh1 Nec6 13. Qd2 b5 14. axb5 axb5 15.
Nd1 b4 16. Nxd4 Nxd4 17. Bxd4 Bxd4 18. Ne3 f5 19. c3 Bg7 20. exf5 exf5 21. Nd5
Bb7 22. Bf3 Bxd5 23. Bxd5+ Kh8 24. c4 Qd7 25. Rfe1 1/2-1/2

[Event "4NCL Online Division 6"]
[Site "online"]
[Date "2020.08.25"]
[Round "1.51"]
[White "Thackray, John"]
[Black "Kriman, Salim"]
[Result "0-1"]
[WhiteElo "1952"]
[BlackElo "1997"]
[PlyCount "62"]
[EventDate "2020.08.25"]
[WhiteTeam "St Andrews White Cross"]
[BlackTeam "Hackney Hackers"]

1. c4 Nf6 2. d4 g6 3. Nc3 d5 4. Bf4 Bg7 5. e3 c5 6. Bxb8 Rxb8 7. dxc5 Qa5 8.
Qa4+ Qxa4 9. Nxa4 Bd7 10. Nc3 Rc8 11. cxd5 Rxc5 12. Rd1 b5 13. a3 a5 14. f3 b4
15. axb4 axb4 16. Ne4 Nxe4 17. fxe4 Bxb2 18. Bd3 Bc3+ 19. Kf2 O-O 20. Nf3 b3
21. Bb1 b2 22. Nd4 f5 23. exf5 Bxd4 24. exd4 Rc3 25. Rhe1 Bxf5 26. Kg1 Bg4 27.
Rd3 Rc1 28. Rde3 Bf5 29. d6 Bxb1 30. dxe7 Re8 31. d5 Bf5 0-1

[Event "4NCL Online Division 6"]
[Site "online"]
[Date "2020.08.25"]
[Round "1.52"]
[White "Levy, Christopher A"]
[Black "Triffitt, Bradley"]
[Result "1/2-1/2"]
[WhiteElo "1870"]
[BlackElo "1547"]
[PlyCount "78"]
[EventDate "2020.08.25"]
[WhiteTeam "Hackney Hackers"]
[BlackTeam "St Andrews White Cross"]

1. d4 Nf6 2. Bf4 d6 3. Nc3 g6 4. e4 Bg7 5. Nf3 O-O 6. Qd2 Nbd7 7. O-O-O c5 8.
e5 cxd4 9. Nb5 dxe5 10. Nxe5 Nxe5 11. Bxe5 Ne4 12. Qxd4 Qxd4 13. Bxd4 Bxd4 14.
Rxd4 Nxf2 15. Rg1 e5 16. Rd5 e4 17. Re5 Bd7 18. Nd6 Bc6 19. Bc4 Kg7 20. Rf1 Ng4
21. Re7 Nh6 22. Nxf7 Nxf7 23. Rfxf7+ Rxf7 24. Rxf7+ Kh6 25. Kd2 e3+ 26. Kxe3
Bxg2 27. Kf4 Re8 28. Bd3 Bd5 29. Rd7 Bc6 30. Rd4 Rf8+ 31. Ke5 Rf2 32. Rh4+ Kg7
33. a3 Rf8 34. Kd4 Rd8+ 35. Ke5 Re8+ 36. Kf4 h6 37. Kg3 g5 38. Rd4 Re3+ 39. Kf2
Re8 1/2-1/2

[Event "4NCL Online Division 6"]
[Site "online"]
[Date "2020.08.25"]
[Round "1.53"]
[White "Scott, Ian"]
[Black "Figueroa, Edison"]
[Result "1/2-1/2"]
[WhiteElo "1540"]
[BlackElo "1862"]
[PlyCount "64"]
[EventDate "2020.08.25"]
[WhiteTeam "St Andrews White Cross"]
[BlackTeam "Hackney Hackers"]

1. e4 c5 2. d4 cxd4 3. c3 Nf6 4. e5 Nd5 5. cxd4 Nc6 6. Nf3 d6 7. Bb5 Bd7 8. Ba4
Nb6 9. Bb3 e6 10. O-O Qc7 11. Bf4 d5 12. a3 Be7 13. Nc3 a6 14. Rc1 Qd8 15. Qd3
Na7 16. Rfd1 Nb5 17. Ba2 Nxc3 18. Rxc3 Bb5 19. Qe3 a5 20. Rdc1 Bc6 21. Nd2 g5
22. Bg3 h5 23. h3 g4 24. hxg4 hxg4 25. Qe2 Bg5 26. Rd1 Bxd2 27. Rxd2 Qg5 28. f3
Rg8 29. Qf2 Nd7 30. Bh4 Qh5 31. fxg4 Rxg4 32. Rh3 Rg8 1/2-1/2

[Event "4NCL Online Division 6"]
[Site "online"]
[Date "2020.08.25"]
[Round "1.54"]
[White "Reilly, Gerhard"]
[Black "Ezra, Raymond"]
[Result "1-0"]
[WhiteElo "1787"]
[BlackElo "1262"]
[PlyCount "45"]
[EventDate "2020.08.25"]
[WhiteTeam "Hackney Hackers"]
[BlackTeam "St Andrews White Cross"]

1. d4 d5 2. c4 c6 3. Nc3 Nf6 4. Nf3 e6 5. Bf4 Bd6 6. Bg3 b6 7. cxd5 cxd5 8. e3
O-O 9. Bd3 Ba6 10. Rc1 Bxd3 11. Qxd3 a6 12. Ne5 Qc7 13. O-O Qe7 14. Rc2 Rc8 15.
Nxd5 Qb7 16. Rxc8+ Qxc8 17. Nxb6 Qb7 18. Nxa8 Qxa8 19. Rc1 Nbd7 20. Nxd7 Bxg3
21. Nxf6+ gxf6 22. hxg3 Kg7 23. Qc4 1-0

[Event "4NCL Online Division 6"]
[Site "online"]
[Date "2020.08.25"]
[Round "1.61"]
[White "Povah, Nigel E"]
[Black "Williams, Duncan"]
[Result "1-0"]
[WhiteElo "2282"]
[BlackElo "1847"]
[PlyCount "25"]
[EventDate "2020.08.25"]
[WhiteTeam "Guildford Castles"]
[BlackTeam "Morriston Benko"]

1. d4 d5 2. Bf4 Nf6 3. e3 e6 4. Nd2 c5 5. c3 Nc6 6. Ngf3 Be7 7. Bd3 O-O 8. h4
Ng4 9. Bxh7+ Kxh7 10. Ng5+ Kg8 11. Qxg4 Bxg5 12. hxg5 f5 13. Qh5 1-0

[Event "4NCL Online Division 6"]
[Site "online"]
[Date "2020.08.25"]
[Round "1.62"]
[White "Smith, Andrew R"]
[Black "Punnett, Alan K"]
[Result "0-1"]
[WhiteElo "1692"]
[BlackElo "2102"]
[PlyCount "112"]
[EventDate "2020.08.25"]
[WhiteTeam "Morriston Benko"]
[BlackTeam "Guildford Castles"]

1. e4 e6 2. d4 d5 3. exd5 exd5 4. Bd3 Nc6 5. Nf3 Bg4 6. c3 Bd6 7. h3 Bh5 8. Be3
Nge7 9. Nbd2 Qd7 10. Qc2 Bg6 11. Bxg6 Nxg6 12. O-O O-O-O 13. b4 Nf4 14. Bxf4
Bxf4 15. a4 f6 16. a5 g5 17. b5 Ne7 18. b6 a6 19. Nb3 Bd6 20. c4 c6 21. Nh2 h5
22. Qe2 Rde8 23. Qd3 dxc4 24. Qxc4 Nd5 25. Nc5 Bxc5 26. dxc5 Re7 27. Rfe1 Rhe8
28. Rxe7 Qxe7 29. Nf3 Qe4 30. Qb3 Qf4 31. g3 Qf5 32. Kg2 Re2 33. Rf1 Qe4 34.
Qb1 Qxb1 35. Rxb1 Rc2 36. Nd4 Rxc5 37. Ra1 Kd7 38. Nf5 Ne7 39. Rd1+ Rd5 40.
Rxd5+ cxd5 41. Nxe7 Kxe7 42. Kf3 Kd6 43. Ke3 Kc5 44. Kd3 f5 45. f3 d4 46. g4
hxg4 47. hxg4 fxg4 48. fxg4 Kd5 49. Kd2 Ke4 50. Ke2 d3+ 51. Kd2 Kd4 52. Kd1 Ke3
53. Ke1 Kf3 54. Kd2 Kxg4 55. Kxd3 Kf3 56. Kd2 Kf2 0-1

[Event "4NCL Online Division 6"]
[Site "online"]
[Date "2020.08.25"]
[Round "1.63"]
[White "Garrood, Anthony"]
[Black "Williams, Luke"]
[Result "1-0"]
[WhiteElo "1637"]
[BlackElo "1671"]
[PlyCount "47"]
[EventDate "2020.08.25"]
[WhiteTeam "Guildford Castles"]
[BlackTeam "Morriston Benko"]

1. d4 Nf6 2. c4 e6 3. Nf3 Bb4+ 4. Bd2 Bxd2+ 5. Nbxd2 O-O 6. e3 c6 7. Bd3 d5 8.
c5 Nbd7 9. Bb1 Re8 10. Ne5 Qe7 11. Qc2 Nf8 12. O-O N6d7 13. f4 Nxe5 14. fxe5
Qg5 15. Rf3 f6 16. exf6 Kh8 17. Rh3 Ng6 18. fxg7+ Kxg7 19. Rg3 Qf6 20. Nf3 Rf8
21. Qe2 Kh8 22. Bxg6 hxg6 23. Ne5 Rg8 24. Rf1 1-0

[Event "4NCL Online Division 6"]
[Site "online"]
[Date "2020.08.25"]
[Round "1.64"]
[White "Giannini, John"]
[Black "Celebi, Serhan"]
[Result "0-1"]
[WhiteElo "850"]
[BlackElo "1562"]
[PlyCount "82"]
[EventDate "2020.08.25"]
[WhiteTeam "Morriston Benko"]
[BlackTeam "Guildford Castles"]

1. e4 c6 2. d4 d5 3. e5 Bf5 4. Bd3 Bxd3 5. Qxd3 e6 6. Nf3 h6 7. O-O Ne7 8. g4
Ng6 9. Bf4 Nxf4 10. Qe3 Ng6 11. Nc3 Be7 12. a3 Nd7 13. Rfe1 O-O 14. Kg2 c5 15.
Rad1 cxd4 16. Rxd4 Bc5 17. Red1 Bxd4 18. Rxd4 Qb6 19. b4 Rac8 20. Rd3 Qxe3 21.
Rxe3 Ngxe5 22. Nxe5 Nxe5 23. Rxe5 Rxc3 24. Re3 Rxe3 25. fxe3 Rc8 26. Kf3 Rxc2
27. b5 b6 28. a4 Rxh2 29. Kg3 Ra2 30. g5 hxg5 31. Kg4 f6 32. Kf3 Rxa4 33. e4
Rxe4 34. Kf2 f5 35. Kf3 d4 36. Kf2 d3 37. Kf1 d2 38. Kf2 d1=Q 39. Kg3 Qd3+ 40.
Kg2 Re2+ 41. Kg1 Qd1# 0-1

[Event "4NCL Online Division 6"]
[Site "online"]
[Date "2020.08.25"]
[Round "1.71"]
[White "Gill, Percy TP"]
[Black "Marshall, Michael"]
[Result "1-0"]
[WhiteElo "1757"]
[BlackElo "1832"]
[PlyCount "59"]
[EventDate "2020.08.25"]
[WhiteTeam "Camborne Pendarves"]
[BlackTeam "Anglia Avengers 3"]

1. d4 Nf6 2. c4 e6 3. Nf3 Bb4+ 4. Bd2 Qe7 5. e3 Bxd2+ 6. Qxd2 b6 7. Nc3 d5 8.
cxd5 exd5 9. Rc1 a6 10. h3 O-O 11. Bd3 Bb7 12. O-O c5 13. dxc5 bxc5 14. Na4
Nbd7 15. Rfe1 Qd6 16. Qa5 Rac8 17. Red1 Rfe8 18. Ne1 g6 19. Be2 Ne4 20. Bf3 f5
21. Nd3 c4 22. Nf4 Qe5 23. Nxd5 Ndc5 24. Ndb6 Nxf2 25. Bxb7 Qxe3 26. Re1 Qg3
27. Bd5+ Kf8 28. Rxe8+ Rxe8 29. Qxc5+ Kg7 30. Qxf2 1-0

[Event "4NCL Online Division 6"]
[Site "online"]
[Date "2020.08.25"]
[Round "1.72"]
[White "Stephens, Robert Wynn"]
[Black "Smith, Richard AL"]
[Result "1-0"]
[WhiteElo "1787"]
[BlackElo "1810"]
[PlyCount "85"]
[EventDate "2020.08.25"]
[WhiteTeam "Anglia Avengers 3"]
[BlackTeam "Camborne Pendarves"]

1. Nf3 Nc6 2. g3 e5 3. d3 Be7 4. Bg2 f5 5. b3 Nf6 6. O-O O-O 7. Bb2 d6 8. e3 h6
9. c4 Be6 10. d4 exd4 11. exd4 Bf7 12. Nc3 d5 13. Ne5 dxc4 14. Nxf7 Rxf7 15. d5
Ne5 16. bxc4 Nxc4 17. Qc2 Nd6 18. Ne2 Nfe8 19. Nf4 Bf6 20. Ne6 Qc8 21. Rfe1
Bxb2 22. Qxb2 Rb8 23. Rac1 Qd7 24. Qe5 Rc8 25. Re2 Qe7 26. Rce1 Qf6 27. Qf4 g5
28. Qa4 a6 29. f4 g4 30. Qc2 Ng7 31. Nxg7 Qxg7 32. Re6 Rd8 33. R1e5 Rdd7 34.
Bf1 Rde7 35. Bd3 Rxe6 36. dxe6 Re7 37. Bxf5 Nxf5 38. Qxf5 b6 39. Qe4 c5 40.
Qa8+ Kh7 41. Qxa6 Ra7 42. Qxb6 Rxa2 43. Qb1+ 1-0

[Event "4NCL Online Division 6"]
[Site "online"]
[Date "2020.08.25"]
[Round "1.73"]
[White "Rodrigo, Y Jan"]
[Black "Paez, Alonso"]
[Result "0-1"]
[WhiteElo "1795"]
[BlackElo "1652"]
[PlyCount "106"]
[EventDate "2020.08.25"]
[WhiteTeam "Camborne Pendarves"]
[BlackTeam "Anglia Avengers 3"]

1. d4 d5 2. Bf4 Bf5 3. Nc3 e6 4. e3 Nf6 5. f3 Bb4 6. g4 Bg6 7. h4 h6 8. Bd3
Bxd3 9. Qxd3 a6 10. Nge2 Nc6 11. Kf2 Qe7 12. a3 Bd6 13. g5 Nh5 14. Bxd6 Qxd6
15. b4 Ne7 16. e4 Nf4 17. Qe3 Neg6 18. e5 Qc6 19. Nxf4 Nxf4 20. Rag1 Kd7 21.
Rg4 Nh5 22. f4 g6 23. Qd3 Ng7 24. Rc1 hxg5 25. fxg5 Nf5 26. Rh1 Rh5 27. a4 Rah8
28. Qf3 Ke8 29. b5 axb5 30. axb5 Qc4 31. Ra1 Rxh4 32. Ra8+ Ke7 33. Rxh8 Rxh8
34. Qd3 Rh2+ 35. Kg1 Qxd3 36. cxd3 Rd2 37. Na4 Rxd3 38. b6 cxb6 39. Nxb6 Rxd4
40. Nc8+ Kd7 41. Rxd4 Nxd4 42. Nd6 Nf3+ 43. Kf2 Nxe5 44. Nxb7 d4 45. Nc5+ Kc6
46. Ne4 Kd5 47. Nf6+ Kc4 48. Ke2 Kc3 49. Kd1 Nf3 50. Ne4+ Kd3 51. Nf2+ Ke3 52.
Nh3 d3 53. Kc1 e5 0-1

[Event "4NCL Online Division 6"]
[Site "online"]
[Date "2020.08.25"]
[Round "1.74"]
[White "Gu, William"]
[Black "Oates, Thomas"]
[Result "1-0"]
[WhiteElo "1622"]
[BlackElo "1682"]
[PlyCount "87"]
[EventDate "2020.08.25"]
[WhiteTeam "Anglia Avengers 3"]
[BlackTeam "Camborne Pendarves"]

1. d4 f5 2. Nf3 e6 3. c4 Nf6 4. Nc3 Bb4 5. Bg5 Bxc3+ 6. bxc3 d6 7. Bc1 O-O 8.
e3 b6 9. Be2 Bb7 10. O-O Nbd7 11. a4 a5 12. Ba3 Qe8 13. Nd2 Ne4 14. Nxe4 Bxe4
15. Bf3 Nf6 16. Bxe4 Nxe4 17. f3 Nxc3 18. Qc2 Nxa4 19. Bxd6 cxd6 20. Qxa4 Qxa4
21. Rxa4 e5 22. Kf2 exd4 23. exd4 d5 24. c5 bxc5 25. dxc5 Rfc8 26. Rc1 Rc6 27.
Ke3 Kf7 28. Kd4 Rh6 29. Kxd5 Rxh2 30. Rc2 Rh6 31. Kc4 Rh4+ 32. Kb3 Rxa4 33.
Kxa4 Ke7 34. Rd2 h6 35. f4 g5 36. fxg5 hxg5 37. Kb5 a4 38. c6 a3 39. Ra2 Kd6
40. Rd2+ Kc7 41. Rd7+ Kc8 42. Rg7 Rb8+ 43. Kc5 a2 44. Kd6 1-0

[Event "4NCL Online Division 6"]
[Site "online"]
[Date "2020.08.25"]
[Round "1.81"]
[White "Agrawal, Shivam"]
[Black "Pope, Martin"]
[Result "1-0"]
[WhiteElo "1952"]
[BlackElo "1660"]
[PlyCount "97"]
[EventDate "2020.08.25"]
[WhiteTeam "Battersea Juniors"]
[BlackTeam "Jan Luke's Wrecking Crew"]

1. d4 d5 2. c4 c6 3. Nc3 Nf6 4. Bf4 g6 5. e3 Bg7 6. Nf3 Qb6 7. Qb3 e6 8. Bd3
O-O 9. O-O Nbd7 10. c5 Qxb3 11. axb3 a6 12. b4 b5 13. Ra2 Bb7 14. Rfa1 Rfe8 15.
Ne5 Nxe5 16. Bxe5 Nd7 17. Bxg7 Kxg7 18. f4 f5 19. Nb1 h6 20. Nd2 g5 21. Nb3 Nb8
22. Na5 Bc8 23. Nxc6 Nxc6 24. Bxb5 Bb7 25. Bxc6 Bxc6 26. Rxa6 Rxa6 27. Rxa6 Bb5
28. Rb6 Ba4 29. c6 gxf4 30. exf4 Rc8 31. b5 Bxb5 32. Rxb5 Rxc6 33. Rc5 Rb6 34.
Rc2 Rb3 35. Rd2 Kg6 36. Kf2 Kh5 37. Ke2 Kg4 38. g3 h5 39. Kd1 h4 40. Kc2 Rb6
41. Rd3 Kh3 42. b3 hxg3 43. hxg3 Kg2 44. Kb2 Kf2 45. Ka3 Ke2 46. Rc3 Ra6+ 47.
Kb4 Kd2 48. Rf3 Rc6 49. Ka5 1-0

[Event "4NCL Online Division 6"]
[Site "online"]
[Date "2020.08.25"]
[Round "1.82"]
[White "Nancarrow, Richard"]
[Black "Dupuis, Denis K"]
[Result "1/2-1/2"]
[WhiteElo "1540"]
[BlackElo "1870"]
[PlyCount "101"]
[EventDate "2020.08.25"]
[WhiteTeam "Jan Luke's Wrecking Crew"]
[BlackTeam "Battersea Juniors"]

1. d4 d5 2. Bf4 Nf6 3. e3 c5 4. c3 Nc6 5. Be2 Qb6 6. Qc2 Bf5 7. Qc1 e6 8. Nf3
Nh5 9. Bg3 Nxg3 10. hxg3 Bd6 11. Nh4 Be4 12. Nf3 c4 13. Nbd2 Bg6 14. Nh4 O-O
15. Nxg6 fxg6 16. Nf3 Qc7 17. Qc2 Qf7 18. O-O-O h6 19. Rdf1 Qf5 20. Qxf5 gxf5
21. Nh4 b5 22. Ng6 Rf7 23. Nf4 Re7 24. Ng6 Ree8 25. Bh5 Reb8 26. Nf4 Nd8 27.
Be8 Kf8 28. Bh5 Bxf4 29. gxf4 Ke7 30. g4 b4 31. gxf5 exf5 32. Rhg1 Ne6 33. Bf3
Kd6 34. Bd1 bxc3 35. bxc3 Ke7 36. Bc2 Kf6 37. Kd2 g5 38. fxg5+ hxg5 39. Rh1 Rh8
40. Rb1 f4 41. Rxh8 Rxh8 42. exf4 Nxf4 43. Re1 Rh2 44. Rf1 g4 45. Ke3 Kg5 46.
Rg1 Rh3+ 47. Rg3 Rh1 48. f3 Rh4 49. Rxg4+ Rxg4 50. fxg4 Kxg4 51. Ba4 1/2-1/2

[Event "4NCL Online Division 6"]
[Site "online"]
[Date "2020.08.25"]
[Round "1.83"]
[White "Chaban, Roxolana"]
[Black "Macphail, Kieran"]
[Result "1-0"]
[WhiteElo "1735"]
[BlackElo "1472"]
[PlyCount "105"]
[EventDate "2020.08.25"]
[WhiteTeam "Battersea Juniors"]
[BlackTeam "Jan Luke's Wrecking Crew"]

1. e4 c5 2. Nf3 Nc6 3. d4 cxd4 4. Nxd4 Nf6 5. Nc3 e5 6. Ndb5 d6 7. Bg5 a6 8.
Na3 b5 9. Nd5 Be7 10. Bxf6 Bxf6 11. c4 b4 12. Nc2 O-O 13. g3 a5 14. Bg2 Bg5 15.
Qd3 f5 16. h4 Bh6 17. exf5 Bxf5 18. Qd1 Rc8 19. O-O Ne7 20. Nxe7+ Qxe7 21. Ne3
Bxe3 22. fxe3 Kh8 23. b3 Be6 24. Qd2 Rc5 25. Rxf8+ Qxf8 26. Rd1 d5 27. cxd5 Bg4
28. Rf1 Qd6 29. Qf2 Rc8 30. e4 h6 31. Qd2 Rc3 32. Kh2 Qg6 33. Rc1 Rxc1 34. Qxc1
Qb6 35. Qd2 Qd4 36. Qc2 Qc3 37. Qf2 Qc7 38. Bh3 Bxh3 39. Kxh3 Kh7 40. h5 Kg8
41. Qf5 Qd6 42. Qe6+ Qxe6+ 43. dxe6 Kf8 44. Kg4 Ke7 45. Kf5 Kd6 46. g4 Ke7 47.
Kxe5 Ke8 48. Kd6 Kd8 49. e7+ Ke8 50. e5 g6 51. hxg6 h5 52. e6 h4 53. g7 1-0

[Event "4NCL Online Division 6"]
[Site "online"]
[Date "2020.08.25"]
[Round "1.84"]
[White "James, John"]
[Black "Steiners, Emils"]
[Result "0-1"]
[WhiteElo "1277"]
[BlackElo "1442"]
[PlyCount "80"]
[EventDate "2020.08.25"]
[WhiteTeam "Jan Luke's Wrecking Crew"]
[BlackTeam "Battersea Juniors"]

1. d4 d5 2. Bf4 Nf6 3. e3 c5 4. c3 Nc6 5. Nd2 e6 6. Ngf3 Qb6 7. Qb3 c4 8. Qc2
Be7 9. Be2 O-O 10. Ne5 Nxe5 11. dxe5 Nd7 12. O-O f6 13. Nf3 fxe5 14. Nxe5 Nxe5
15. Bxe5 Bf6 16. Bf4 Bd7 17. Bg4 Rad8 18. Bg3 e5 19. Bxd7 Rxd7 20. e4 d4 21.
Rfd1 d3 22. Qa4 Rc7 23. Qb4 Qa6 24. Qa3 Rd8 25. Qxa6 bxa6 26. Rd2 Rb8 27. Rb1
Rcb7 28. f3 Rb5 29. b4 a5 30. a4 R5b7 31. b5 a6 32. Be1 axb5 33. Rdb2 b4 34.
cxb4 axb4 35. Bxb4 Rxb4 36. Rxb4 Rxb4 37. Rxb4 c3 38. Rc4 d2 39. Rxc3 d1=Q+ 40.
Kf2 Qd2+ 0-1

[Event "4NCL Online Division 6"]
[Site "online"]
[Date "2020.08.25"]
[Round "1.91"]
[White "Wilson, Andrew B"]
[Black "Murray, Benjamin"]
[Result "1/2-1/2"]
[WhiteElo "1675"]
[BlackElo "1709"]
[PlyCount "97"]
[EventDate "2020.08.25"]
[WhiteTeam "Ashby Ivanhoe"]
[BlackTeam "St Benildus C"]

1. d4 d5 2. Bf4 Nf6 3. e3 e6 4. Nd2 Bd6 5. Bg3 O-O 6. c3 b6 7. Ngf3 Ba6 8. Be2
Bxe2 9. Qxe2 c5 10. e4 Be7 11. h3 cxd4 12. Nxd4 Qc8 13. O-O Nc6 14. Rac1 dxe4
15. Nxe4 Nxd4 16. cxd4 Qd8 17. Rc7 Nxe4 18. Qxe4 Bd6 19. Bxd6 Qxd6 20. Rfc1 g6
21. R1c6 Qb4 22. Rxe6 Qxb2 23. Rxf7 Rxf7 24. Qxa8+ Kg7 25. Qe4 Qxf2+ 26. Kh2
Qf4+ 27. Qxf4 Rxf4 28. Re7+ Rf7 29. Re2 Rd7 30. Rd2 Kf7 31. Kg3 Ke6 32. Kf4 Kd5
33. Ke3 Re7+ 34. Kd3 Re4 35. Kc3 Re3+ 36. Kb4 a6 37. a4 Rg3 38. Rf2 a5+ 39. Kb5
Rb3+ 40. Ka6 Kxd4 41. Rf7 Rb4 42. Rxh7 Ke5 43. Rb7 Rxa4 44. Rxb6 g5 45. Rb5+
Kf4 46. g3+ Kxg3 47. Rxg5+ Kxh3 48. Rxa5 Rxa5+ 49. Kxa5 1/2-1/2

[Event "4NCL Online Division 6"]
[Site "online"]
[Date "2020.08.25"]
[Round "1.92"]
[White "Willow, David"]
[Black "Hayden, Lawrence F"]
[Result "1/2-1/2"]
[WhiteElo "1728"]
[BlackElo "1652"]
[PlyCount "118"]
[EventDate "2020.08.25"]
[WhiteTeam "St Benildus C"]
[BlackTeam "Ashby Ivanhoe"]

1. e4 e5 2. Nf3 Nf6 3. Nc3 Nc6 4. g3 d5 5. exd5 Nxd5 6. Bg2 Be6 7. d3 Be7 8.
O-O Qd7 9. Re1 Nxc3 10. bxc3 Bf6 11. Bg5 O-O-O 12. Bxf6 gxf6 13. Nd2 h5 14. h4
Bg4 15. Bf3 f5 16. Nc4 f6 17. Ne3 Rdg8 18. Nxg4 hxg4 19. Bg2 f4 20. Bxc6 Qxc6
21. Kh2 Qxc3 22. Re4 Qc5 23. Qd2 fxg3+ 24. fxg3 Qd6 25. Rf1 b6 26. Qe2 Qe6 27.
d4 Rh5 28. dxe5 Rxe5 29. Rff4 Rxe4 30. Rxe4 Qxa2 31. Rxg4 Kd7 32. Rd4+ Kc8 33.
Qf2 Qe6 34. Qf3 Kb8 35. Rf4 Rg6 36. Qd3 Qe8 37. Rd4 Rg8 38. Qf3 Qe5 39. Qd3 Qe8
40. Re4 Qg6 41. Qf3 a5 42. Rc4 Rd8 43. Qc3 c5 44. Rf4 Rd6 45. Qb3 Kc7 46. Qc3
Re6 47. Rf2 Re5 48. Qf3 f5 49. Qa8 Qc6 50. Qh8 Qe4 51. Qg7+ Re7 52. Qg5 Re5 53.
Rd2 Rd5 54. Qg7+ Kc6 55. Qf6+ Kc7 56. Qf7+ Kc6 57. Qf6+ Kc7 58. Qf7+ Kc6 59.
Qf6+ Kc7 1/2-1/2

[Event "4NCL Online Division 6"]
[Site "online"]
[Date "2020.08.25"]
[Round "1.93"]
[White "Brown, Mick"]
[Black "Kenny, William"]
[Result "0-1"]
[WhiteElo "1450"]
[BlackElo "1719"]
[PlyCount "164"]
[EventDate "2020.08.25"]
[WhiteTeam "Ashby Ivanhoe"]
[BlackTeam "St Benildus C"]

1. d4 d5 2. Bf4 h5 3. e3 e5 4. Bxe5 f6 5. Bg3 h4 6. Bf4 g5 7. Bxg5 fxg5 8. Bd3
Ne7 9. Nc3 Nbc6 10. Nf3 g4 11. Ne5 Nxe5 12. dxe5 Bg7 13. e4 d4 14. Nd5 O-O 15.
Qd2 Nxd5 16. exd5 Qxd5 17. Rg1 Qxe5+ 18. Be2 Qf4 19. Bc4+ Kh8 20. O-O-O Qxd2+
21. Rxd2 Bh6 22. Rgd1 Rxf2 23. Be2 Rxe2 24. Kb1 Rxd2 25. Rxd2 Bxd2 26. c3 dxc3
27. bxc3 Bxc3 28. Kc2 Be5 29. Kd3 Bxh2 30. g3 Bxg3 31. a4 Bd7 32. Ke3 Bxa4 33.
Ke2 h3 34. Kf1 Bc6 35. Kg1 h2+ 36. Kf1 h1=N 37. Ke2 Kg8 38. Ke3 Kf8 39. Kd4
Bf2+ 40. Kd3 g3 41. Kd2 g2 42. Ke2 g1=N+ 43. Kd2 Ke8 44. Kc2 Bd7 45. Kc3 a5 46.
Kb3 a4+ 47. Ka3 b5 48. Kb4 a3 49. Kb3 a2 50. Kb2 a1=R 51. Kc2 R1a4 52. Kb2 Rh4
53. Kb3 Rh8 54. Kb4 c5+ 55. Kc3 c4 56. Kb4 Ng3 57. Kc3 Ne4+ 58. Kb4 Nf6 59. Kc3
Ng8 60. Kb4 Nf3 61. Kc3 Bc5 62. Kc2 Ne5 63. Kc3 Nc6 64. Kc2 b4 65. Kb2 c3+ 66.
Kb3 Be6+ 67. Kc2 Bd4 68. Kd3 b3 69. Ke4 c2 70. Kf4 c1=Q+ 71. Kf3 b2 72. Ke2 Bc8
73. Kd3 Bc5 74. Ke2 Bf8 75. Kd3 Nb8 76. Kd4 Qc7 77. Kd5 Qd8+ 78. Ke5 b1=Q 79.
Kf4 Qf5+ 80. Kg3 Qdd3+ 81. Kg2 Ra2+ 82. Kg1 Qff1# 0-1

[Event "4NCL Online Division 6"]
[Site "online"]
[Date "2020.08.25"]
[Round "1.94"]
[White "Putar, Slavko"]
[Black "Roberts, Neil J"]
[Result "1-0"]
[WhiteElo "1676"]
[BlackElo "1382"]
[PlyCount "87"]
[EventDate "2020.08.25"]
[WhiteTeam "St Benildus C"]
[BlackTeam "Ashby Ivanhoe"]

1. e4 c5 2. Nf3 d6 3. c3 e6 4. d4 cxd4 5. cxd4 Nc6 6. Nc3 d5 7. exd5 exd5 8.
Bd3 Nf6 9. O-O a6 10. h3 Bb4 11. Re1+ Ne7 12. Qa4+ Bd7 13. Qxb4 a5 14. Qa3 Be6
15. Bb5+ Nc6 16. Ng5 Qe7 17. Qxe7+ Kxe7 18. Nxe6 fxe6 19. Bxc6 bxc6 20. Bg5
Rhf8 21. Re2 Rab8 22. Rae1 Kf7 23. b3 Rb7 24. Rxe6 Ne4 25. R6xe4 dxe4 26. Nxe4
Kg8 27. Nc5 Rbf7 28. f3 Rf5 29. Bh4 g5 30. Bg3 Ra8 31. Re6 Rd8 32. Be5 h5 33.
Rxc6 g4 34. hxg4 hxg4 35. f4 Rf7 36. Rg6+ Kh7 37. Rxg4 Kh6 38. Ne6 Rc8 39. Bg7+
Kh5 40. Rg5+ Kh4 41. Kh2 Rc3 42. g3+ Rxg3 43. Rxg3 Re7 44. Bf6+ 1-0

[Event "4NCL Online Division 6"]
[Site "online"]
[Date "2020.08.25"]
[Round "1.101"]
[White "Bromilow, Edward T"]
[Black "Love, James"]
[Result "1-0"]
[WhiteElo "1870"]
[BlackElo "1697"]
[PlyCount "85"]
[EventDate "2020.08.25"]
[WhiteTeam "Ashfield Anonymous C"]
[BlackTeam "Crowthorne 2"]

1. e4 e6 2. d4 d5 3. exd5 exd5 4. Nf3 Nf6 5. Bd3 Nc6 6. O-O Be6 7. Re1 Bd6 8.
Bg5 O-O 9. c3 h6 10. Bh4 Be7 11. Nbd2 Nd7 12. Bxe7 Qxe7 13. h3 Nf6 14. Ne5 Qd6
15. f4 Nd7 16. Nxc6 Qxc6 17. f5 Nb6 18. fxe6 fxe6 19. Qe2 Rae8 20. Rf1 Rxf1+
21. Rxf1 Nd7 22. Qh5 Nf6 23. Rxf6 gxf6 24. Qg6+ Kf8 25. Qxf6+ Kg8 26. Qg6+ Kf8
27. Qxh6+ Ke7 28. Nf3 Kd8 29. Ne5 Qd6 30. Nf7+ Kd7 31. Nxd6 cxd6 32. Bb5+ Ke7
33. Bxe8 Kxe8 34. Qxe6+ Kf8 35. Qxd6+ Kg8 36. Qxd5+ Kh8 37. Qe6 Kg7 38. d5 Kh7
39. d6 Kg7 40. d7 b6 41. d8=Q a5 42. Qdd7+ Kh8 43. Qee8# 1-0

[Event "4NCL Online Division 6"]
[Site "online"]
[Date "2020.08.25"]
[Round "1.102"]
[White "Fell, Colin C"]
[Black "Graham, Neil"]
[Result "1/2-1/2"]
[WhiteElo "1622"]
[BlackElo "1847"]
[PlyCount "28"]
[EventDate "2020.08.25"]
[WhiteTeam "Crowthorne 2"]
[BlackTeam "Ashfield Anonymous C"]

1. d4 Nf6 2. Bf4 d5 3. Nc3 c6 4. e3 Bf5 5. f3 e6 6. g4 Bg6 7. h4 h6 8. Bd3 Bxd3
9. Qxd3 Bd6 10. Nge2 Bxf4 11. exf4 Na6 12. f5 exf5 13. Qxf5 Qd7 14. Qe5+ Qe7
1/2-1/2

[Event "4NCL Online Division 6"]
[Site "online"]
[Date "2020.08.25"]
[Round "1.103"]
[White "Morgan, Philip D"]
[Black "Leadbetter, Scott"]
[Result "1-0"]
[WhiteElo "1787"]
[BlackElo "1607"]
[PlyCount "76"]
[EventDate "2020.08.25"]
[WhiteTeam "Ashfield Anonymous C"]
[BlackTeam "Crowthorne 2"]

1. e4 d6 2. d4 Nf6 3. Nc3 Nbd7 4. Be3 e5 5. Nf3 Be7 6. Bc4 c6 7. a4 h6 8. O-O
Qc7 9. h3 Nf8 10. Re1 Ng6 11. Qd2 Nh5 12. Ne2 Nf6 13. Ng3 Be6 14. Bxe6 fxe6 15.
c4 exd4 16. Nxd4 Kf7 17. Qc2 a6 18. a5 c5 19. Nde2 Ne5 20. f4 Nc6 21. Qd2 Rag8
22. Rf1 Ke8 23. Rfd1 h5 24. Nc3 h4 25. Nge2 Nxa5 26. Qd3 Nc6 27. Ra4 Kf7 28.
Rf1 Ke8 29. Qd1 e5 30. fxe5 Nxe5 31. Nf4 Qd7 32. Ra1 Nxc4 33. Qe2 Nxe3 34. Qxe3
g5 35. Nfd5 Rh6 36. Rad1 g4 37. Qxh6 gxh3 38. Nxf6+ Kd8 1-0

[Event "4NCL Online Division 6"]
[Site "online"]
[Date "2020.08.25"]
[Round "1.104"]
[White "Rajeev-Lazar, Seyon"]
[Black "Pettinger, Martin"]
[Result "0-1"]
[WhiteElo "1570"]
[BlackElo "1727"]
[PlyCount "98"]
[EventDate "2020.08.25"]
[WhiteTeam "Crowthorne 2"]
[BlackTeam "Ashfield Anonymous C"]

1. g3 g6 2. Bg2 Bg7 3. Nf3 Nf6 4. O-O O-O 5. c4 d6 6. Nc3 c5 7. b3 Nc6 8. Bb2
Bd7 9. Qc2 Qc8 10. e3 Bh3 11. Ne2 Nb4 12. Qd1 Nd3 13. Bc3 Bxg2 14. Kxg2 Qc6 15.
Nf4 Nxf4+ 16. exf4 a6 17. Kg1 b5 18. Re1 Ra7 19. Nh4 b4 20. d3 bxc3 21. Qc2 e6
22. Qxc3 Nd7 23. Qc1 Bxa1 24. Qxa1 a5 25. d4 a4 26. Qb2 Rb8 27. Qc3 axb3 28.
axb3 cxd4 29. Qxd4 Qc5 30. Qc3 Ra2 31. Rf1 Ra3 32. Ng2 Raxb3 33. Qa1 Qxc4 34.
Ne3 Qb5 35. Ng4 Qxf1+ 36. Kxf1 Rb1+ 37. Qxb1 Rxb1+ 38. Kg2 h5 39. Nh6+ Kg7 40.
Nxf7 Kxf7 41. Kh3 Nf6 42. Kh4 Rh1 43. h3 d5 44. f5 exf5 45. Kg5 d4 46. Kh6 d3
47. g4 hxg4 48. f4 Rxh3+ 49. Kg5 Rh5# 0-1